00445nam a22001577a 450000500170000001000130001702000250003003500130005503700140006808200130008210000190009524500680011426000380018227000450022030000220026520180310112517.0 aB-663981 a9788126042487c50.00 aB-663981 adpl bPBD a821.9109 aZaidi, Nishat aMakers of Indian literature Agha Shahit Ali / cby Nishat Zaidi aNew Delhi bSahitya Akademic2014 aSwati, Mandir Marg, bNew Delhi e110001 a135p. c21cm(pbk)